Report of the working group on the residual problem of rehabilitation in West Bengal (Record no. 495366)

000 -LEADER
fixed length control field 00522cam a22001097a 4500
008 - FIXED-LENGTH DATA ELEMENTS--GENERAL INFORMATION
fixed length control field 180718b1976 xxu||||| |||| 00| 0 eng d
082 ## - DEWEY DECIMAL CLASSIFICATION NUMBER
Classification number Q393 x5412
245 ## - TITLE STATEMENT
Title Report of the working group on the residual problem of rehabilitation in West Bengal
Statement of responsibility, etc. by Ministry of Supply and Rehabilitation, Department of Rehabilitation
260 ## - PUBLICATION, DISTRIBUTION, ETC.
Place of publication, distribution, etc. Calcutta
Name of publisher, distributor, etc. Department of Rehabilitation, Ministrey of Supply and Rehabilitation
Date of publication, distribution, etc. 1976
300 ## - PHYSICAL DESCRIPTION
Extent v.p.
700 ## - ADDED ENTRY--PERSONAL NAME
Personal name India. Department of Rehabilitation. Ministry of Supply and Rehabilitation
Holdings
Withdrawn status Lost status Damaged status Not for loan Permanent Location Current Location Date acquired Full call number Barcode Date last seen Price effective from Koha item type
        Indian Institute of Public Administration Indian Institute of Public Administration 2018-08-04 Q393 x5412 GG16994 2018-08-04 2018-08-04 GG

Powered by Koha